Health economics : (Record no. 5548)
[ view plain ]
| 000 -LEADER | |
|---|---|
| fixed length control field | 02280cam a22001934a 4500 |
| 020 ## - INTERNATIONAL STANDARD BOOK NUMBER | |
| ISBN | 0324171862 |
| 022 ## - INTERNATIONAL STANDARD SERIAL NUMBER | |
| ISSN | 9780324171860 |
| 050 00 - CALL NUMBER | |
| Classification number | RA410 |
| Item number | .S26 |
| 100 1# - AUTHOR | |
| Personal name | Santerre, Rexford E. |
| 245 10 - TITLE | |
| Title | Health economics : |
| Remainder of title | theories, insights, and industry studies / |
| Statement of responsibility, etc | Rexford E. Santerre, Stephen P. Neun. |
| 250 ## - EDITION | |
| Edition statement | 3rd ed. |
| 260 ## - PUBLICATION INFORMATION | |
| Place of publication | Mason, Ohio : |
| Name of publisher | Thomson/South-Western, |
| Year of publication | c2004. |
| 300 ## - DESCRIPTION | |
| Number of Pages | xvi, 584 p. : |
| Other physical details | ill. ; |
| Dimensions | 24 cm. |
| 500 ## - NOTES | |
| General note | Includes bibliographical references and index |
| 505 ## - FORMATTED CONTENTS NOTE | |
| Table of Content | Part 1 --<br/>BASIC HEALTH CARE ECONOMIC TOOLS AND INSTITUTIONS 1 --<br/>CHAPTER 1 Introduction 3 --<br/>CHAPTER 2 Health and Medical Care: An Economic Perspective 30 --<br/>CHAPTER 3 Cost and Benefit Analysis 53 --<br/>CHAPTER 4 Health Care Systems and Institutions 74 --<br/>CHAPTER 5 The Demand for Medical Services 98 --<br/>CHAPTER 6 The Demand for Medical Insurance: Traditional and Managed Care Coverage 139 --<br/>CHAPTER 7 Medical Care Production and Costs 161 --<br/>CHAPTER 8 Structure, Conduct, Performance, and Market Analysis 191 --<br/>Part 2 --<br/>THE ROLE OF GOVERNMENT 223 --<br/>CHAPTER 9 Government, Health, and Medical Care 225 --<br/>CHAPTER 10 Government as Health Insurer 263 --<br/>Part 3 --<br/>INDUSTRY STUDIES 291 --<br/>CHAPTER 11 The Private Health Insurance Industry 293 --<br/>CHAPTER 12 The Physician Services Industry 333 --<br/>CHAPTER 13 The Hospital Services Industry 375 --<br/>CHAPTER 14 The Pharmaceutical Industry 434 --<br/>CHAPTER 15 The Long-Term Care Industry 477 --<br/>Part 4 --<br/>HEALTH CARE REFORM 523 --<br/>CHAPTER 16 Health Care Reform 525 --<br/>Glossary 556 --<br/>Name Index 569 --<br/>Subject Index 576. Health and medical care : an economic perspective --<br/>Cost and benefit analysis --<br/>Health care systems and institutions --<br/>The demand for medical services --<br/>The demand for medical insurance : traditional and managed care coverage --<br/>Medical care production and costs --<br/>Structure, conduct, performance, and market analysis --<br/>Government, health, and medical care --<br/>Government as health insurer --<br/>The private health insurance industry --<br/>The physician services industry --<br/>The hospital services industry --<br/>The pharmaceutical industry --<br/>The long-term care industry --<br/>Health care reform. |
| 650 #0 - SUBJECTS | |
| Topical Term | Medical economics. |
| 700 1# - OTHER AUTHORS | |
| Personal name | Neun, Stephen P. |
| 942 ## - ADDED ENTRY ELEMENTS (KOHA) | |
| Koha item type | Books |
| Withdrawn status | Lost status | Collection code | Home library | Current library | Shelving location | Date acquired | Full call number | Accession Number | Koha item type |
|---|---|---|---|---|---|---|---|---|---|
| Reference | Methodist University Library Main | Methodist University Library Main | General Stacks | 28/11/2008 | RA410 .S26 | 23267 | Books |